000 00910nam a22003137a 4500
003 CHAP
005 20220329134539.0
008 971013s1980 r 00010 d
010 _a21993
011 _a22965
035 _a27060
040 _cCHAP
082 _a624.1
_bC6 1980
100 0 0 _aCoates, R. C.
_924137
245 _aStructural analysis
250 _a2 ed.
260 _aLondon :
_bNelson,
_c1980
300 _a579 p.
_b: gráfs.
590 _aBATCH-UPD
_b10
_c20130110
_lUCH01
_h1156
590 _aBATCH-UPD
_b10
_c20130410
_lUCH01
_h0739
590 _aBATCH-UPD
_b10
_c20130914
_lUCH01
_h1002
590 _aCONVERSION
_b10
_c20130109
_lUCH01
_h1313
650 1 4 _aIngeniería de estructuras.
_958217
700 0 _aCoutie, M. G.
_928664
700 0 _aKong, F. K.
_963688
901 _aBK
942 _cLIBRO
949 _a624.1 C6 1980
_bBC
_cLIBRO
_d33724000018115
_eLIBRO
_h58780
_i27060
_mD
_si
_t110.10
999 _c21993
_d21993